00478 a2200145 4500020001000000035001300010037004300023082000600066100002600072245005800098260003900156270008800195300002300283490002600306 c75.00 aB-211072 bRP-PV-4 / PANSY-07-08:5 / RP-07-08:ENG14aN1 aGardner, Erle Stanley1 aThe case of the velvet clawscby Erle Stanley Gardner aBangalorebMaster Mind Booksc2002 aNo. 25, Vasan Towers, Dr. TCM Royan Raode560053k080-26705679mvasanbks@bgl.net.in a183 pc18 cm (pbk) aA perry mason mystery